000 00334nam a2200145Ia 4500
100 _aDeshmukh/B.H
650 _aElectrical Engineering
942 _cBK
654 _aElements
245 _aElements Of Electrical Technology
260 _bNirali prakashan
_aPune
_c1984
082 _a621.3
_bDes
300 _a180
546 _aENGLISH
999 _c31460
_d31460